Passatempos de história e geografia de Portugal (Registo nº 982)

Detalhes MARC
000 -Etiqueta do registo
Cabeçalho 00927nam a2200349 i 4500
005 - Identificador da versão
Campo de controlo 20240813121820.0
010 ## - Número internacional normalizado dos livros (ISBN)
Número (ISBN) 9720211253
021 ## - Número do Depósito Legal
Código do país PT
Número 207253/04
035 ## - Other System Control Numbers
System Control Number 0001047
System Control Number 0001030
100 ## - Dados gerais de processamento
Dados gerais de processamento 20050824d2004 d y0pory5003 ba
102 ## - Pais de publicação ou produção
País de publicação Portugal
101 0# - Língua de publicação
Língua do texto, banda sonora, etc. Português
106 ## - Campo de dados codificados: material textual
Dados codificados do material textual r
105 ## - Campo de dados codificados: livros
Dados codificados dos livros a z 001yy
215 ## - Descrição física 
Indicação específica da natureza do documento e extensão da espécie 63 p.
Outras indicações físicas il.
Dimensões 20 cm
200 1# - Titulo e menção de responsabilidade
Título próprio Passatempos de história e geografia de Portugal
Informação de outro título 5º ano
Primeira menção de responsabilidade Cristina Viana
225 2# - Colecção 
Título próprio da colecção Passatempos
205 ## - Menção da edição
Menção da edição [1ª ed.]
210 ## - Publicação, Distribuição, etc. 
Lugar da edição, distribuição, etc. Porto
Nome do editor, distribuidor, etc. Porto Editora
Data da publicação, distribuição, etc. 2004
675 ## - Classificação Decimal Universal (CDU)
Notação 94(469)(075.2)
Edição BN
Língua da edição por
Notação 91(469)(075.2)
Edição BN
Língua da edição por
Notação 371.69(469)
Edição BN
Língua da edição por
Notação 373.33(469)
Edição BN
Língua da edição por
607 ## - Nome geográfico usado como assunto
Número de registo de entrada de autoridade 0001311
Código do sistema SIPOR
Número de registo de entrada de autoridade 0001312
Código do sistema SIPOR
700 #1 - Nome de autor-pessoa física (responsabilidade principal)
Número de registo de entrada de autoridade 0001317
Palavra de ordem Viana
Outra parte do nome não tomada para palavra de ordem Cristina
942 ## - Elementos de entrada adicionados (Koha)
Tipo de item no Koha Livro
Exemplares
Situação do levantamento Origin of item (home branch) (coded) Biblioteca de empréstimo Código de barras Cota Circulation type (not for loan) Tipo de documento Nota do exemplar Damaged status
  Biblioteca Escolar Eng. Nuno Mergulhão Biblioteca Escolar Eng. Nuno Mergulhão BENM1733 94 HIS   Livro Sem mensagem